Historical Nicknames - Statistics

General Stats
  • This quiz has been taken 17 times
  • The average score is 2 of 10
Answer Stats
Hint Answer % Correct
White Death Simo Häyhä
75%
Ironside Edmund II of England | Björn Ironside
44%
Bloody Bonner Bishop Edmund Bonner
25%
Half-hanged Smith John Smith
25%
Doctor Death Christopher Duntsch
19%
Moll Cutpurse Mary Frith
19%
The Butcher of Bosnia Ratio Mladić
13%
The London Monster Rhynwick Williams
13%
The Priest Hater Eric II of Norway
6%
The Cabbage Ivailo of Bulgaria
0%
No matching quizzes found
Score Distribution
Percent of People with Each Score
Percentile by Number Answered
Your Score History
You have not taken this quiz